[Event "Lueneburg distr-ch Haupt"]
[Site "Muenster"]
[Date "2019.10.20"]
[Round "6"]
[White "Kielpinski, Alois"]
[Black "Kem, Viktor"]
[Result "1-0"]
[WhiteElo "1654"]
[BlackElo "1643"]
[PlyCount "51"]
[EventDate "2019.10.17"]
[EventType "swiss"]
[EventRounds "7"]
[EventCountry "GER"]
[SourceTitle "EXT 2023"]
[Source "ChessBase"]
[SourceDate "2022.10.05"]
[SourceVersion "1"]
[SourceVersionDate "2022.10.05"]
[SourceQuality "1"]

1. d4 c6 2. c4 d5 3. cxd5 Qxd5 4. Nc3 Qd8 5. Nf3 h6 6. h3 Nf6 7. e4 e6 8. Bf4 Bb4 9. Bd3 Nbd7 10. 0-0 Bxc3 11. bxc3 Nb6 12. a4 0-0 13. Qc1 Nh7 14. e5 f5 15. exf6 Rxf6 16. Be5 Rf8 17. Qc2 Nf6 18. a5 Nbd5 19. Kh2 Nd7 20. Bh7+ Kh8 21. Bxg7+ Kxg7 22. Qg6+ Kh8 23. Qxh6 Qe7 24. Bf5+ Kg8 25. Bxe6+ Rf7 26. Ng5 1-0

[Event "Lueneburg distr-ch Haupt"]
[Site "Muenster"]
[Date "2019.10.17"]
[Round "1"]
[White "Kielpinski, Alois"]
[Black "Schinner, Alexander"]
[Result "1-0"]
[WhiteElo "1654"]
[BlackElo "1309"]
[PlyCount "39"]
[EventDate "2019.10.17"]
[EventType "swiss"]
[EventRounds "7"]
[EventCountry "GER"]
[SourceTitle "EXT 2023"]
[Source "ChessBase"]
[SourceDate "2022.10.05"]
[SourceVersion "1"]
[SourceVersionDate "2022.10.05"]
[SourceQuality "1"]

1. d4 Nf6 2. Nf3 g6 3. c4 Bg7 4. Nc3 d5 5. e3 0-0 6. Be2 c6 7. 0-0 Nbd7 8. b3 Qc7 9. Bb2 dxc4 10. Bxc4 a6 11. Rc1 Qd6 12. Qc2 Ne8 13. Ne4 Qb8 14. Rfd1 Nef6 15. h3 Re8 16. Nfg5 e6 17. Ba3 b6 18. Nd6 Nf8 19. Nxe8 Nxe8 20. Bd3 1-0

[Event "Niedersachsen-ch op B"]
[Site "Verden"]
[Date "2018.01.05"]
[Round "3"]
[White "Kielpinski, Alois"]
[Black "Hapke, Nils"]
[Result "1-0"]
[WhiteElo "1697"]
[BlackElo "1562"]
[PlyCount "123"]
[EventDate "2018.01.04"]
[EventType "swiss"]
[EventRounds "7"]
[EventCountry "GER"]
[SourceTitle "EXT 2022"]
[Source "ChessBase"]
[SourceDate "2021.10.06"]
[SourceVersion "1"]
[SourceVersionDate "2021.10.06"]
[SourceQuality "1"]

1. d4 d5 2. c4 c6 3. Nc3 Nf6 4. Nf3 e6 5. e3 Nbd7 6. Bd3 dxc4 7. Bxc4 b5 8. Be2 Bb7 9. 0-0 Be7 10. a3 0-0 11. Bd2 a6 12. Rc1 c5 13. dxc5 Bxc5 14. b4 Bb6 15. Qb3 Qe7 16. Rfd1 Rac8 17. a4 bxa4 18. Nxa4 Ba7 19. Ra1 Bd5 20. Qa3 Bc4 21. Bxc4 Rxc4 22. Nb2 Rc6 23. Qd3 Nb8 24. Ne5 Rd6 25. Qe2 Ne4 26. Be1 f6 27. Nec4 Rd7 28. f3 Nd6 29. Kh1 Rfd8 30. Na5 Nb5 31. Rdc1 Rc7 32. Nbc4 Rdc8 33. Bg3 e5 34. Be1 Nc6 35. Rcb1 Nxa5 36. Nxa5 Bb6 37. Nb3 Ra7 38. Rc1 Rxc1 39. Rxc1 Kf8 40. Rc8+ Bd8 41. Nc5 Nc7 42. Qd1 Ra8 43. Rxa8 Nxa8 44. Nxa6 Bb6 45. b5 Qd8 46. Bb4+ Ke8 47. Qb3 Nc7 48. Nxc7+ Qxc7 49. Qg8+ Kd7 50. Qxg7+ Kd8 51. Qxc7+ Kxc7 52. e4 Be3 53. Be7 Bg5 54. Bc5 h5 55. g3 h4 56. gxh4 Bxh4 57. Kg2 Bg5 58. Kh3 Kd7 59. Kg4 Ke6 60. b6 Kd7 61. h4 Bd2 62. Kf5 1-0

[Event "Lueneburg distr-ch Haupt"]
[Site "Lueneburg"]
[Date "2017.10.14"]
[Round "5"]
[White "Kielpinski, Alois"]
[Black "Bildat, Emilia"]
[Result "1/2-1/2"]
[WhiteElo "1777"]
[BlackElo "1350"]
[PlyCount "35"]
[EventDate "2017.10.12"]
[EventType "swiss"]
[EventRounds "7"]
[EventCountry "GER"]
[SourceTitle "EXT 2019"]
[Source "ChessBase"]
[SourceDate "2018.10.10"]
[SourceVersion "1"]
[SourceVersionDate "2018.10.10"]
[SourceQuality "1"]

1. d4 d5 2. c4 c6 3. Nc3 Nf6 4. Nf3 e6 5. Bg5 h6 6. Bh4 Be7 7. e3 0-0 8. Bd3 Nbd7 9. 0-0 a5 10. a3 b6 11. Rc1 c5 12. cxd5 Nxd5 13. Bxe7 Qxe7 14. Na4 Ba6 15. Bxa6 Rxa6 16. Qd3 Raa8 17. Rfd1 Rfd8 18. Qb5 1/2-1/2

[Event "Niedersachsen-ch op-C"]
[Site "Verden"]
[Date "2017.01.08"]
[Round "7"]
[White "Kielpinski, Alois"]
[Black "Pahl, Erik"]
[Result "1/2-1/2"]
[WhiteElo "1719"]
[BlackElo "1741"]
[PlyCount "104"]
[EventDate "2017.01.05"]
[EventType "swiss"]
[EventRounds "7"]
[EventCountry "GER"]
[SourceTitle "CBM 187 Extra"]
[Source "ChessBase"]
[SourceDate "2018.11.04"]
[SourceVersion "1"]
[SourceVersionDate "2018.11.04"]
[SourceQuality "1"]

1. d4 Nf6 2. Nf3 g6 3. c4 Bg7 4. Nc3 0-0 5. e3 d6 6. Be2 Nbd7 7. 0-0 e5 8. dxe5 Nxe5 9. Nxe5 dxe5 10. Qc2 c6 11. Rd1 Qe7 12. b3 Be6 13. Bb2 Rad8 14. a3 a5 15. Na4 Nd7 16. Bc3 Ra8 17. b4 axb4 18. axb4 f5 19. Nb2 f4 20. e4 Rxa1 21. Rxa1 Qg5 22. f3 Qd8 23. c5 h5 24. Bc4 Bxc4 25. Nxc4 g5 26. Qb3 Kh7 27. Rd1 Qe7 28. Nd6 g4 29. Rd2 Nb8 30. Nf5 Qg5 31. Qd1 gxf3 32. Qxf3 Rxf5 33. exf5 Qxf5 34. Qd1 Kh6 35. Rd6+ Bf6 36. Qa1 Nd7 37. g3 f3 38. Qc1+ Kg7 39. Qd2 Nf8 40. Qe3 Nd7 41. Bd2 h4 42. Qd3 f2+ 43. Kg2 e4 44. Qe2 Be5 45. Qxf2 Qxf2+ 46. Kxf2 hxg3+ 47. hxg3 Bxd6 48. cxd6 Kf6 49. Bf4 Ke6 50. Ke3 Nf6 51. Kd4 b6 52. Bg5 Nd5 1/2-1/2